Countries Closest to Arkansas - Statistics

General Stats
  • This quiz has been taken 21 times
  • The average score is 16 of 20
Answer Stats
Miles Country % Correct
2 700 Canada
100%
1 630 Mexico
100%
3 980 Cuba
95%
14 1830 Panama
90%
4 960 Bahamas
85%
15 1970 Columbia
80%
12 1630 Dominican Republic
80%
11 1550 Haiti
80%
7 1330 Honduras
80%
10 1450 Nicaragua
80%
16 2040 Venezuela
80%
5 1150 Belize
75%
13 1680 Costa Rica
75%
19 2320 Dominica
75%
8 1410 El Salvador
75%
6 1170 Guatemala
75%
9 1420 Jamaica
75%
17 2170 Saint Kitts and Nevis
75%
18 2210 Antigua and Barbuda
70%
20 2420 Saint Lucia
70%
No matching quizzes found
Score Distribution
Percent of People with Each Score
Percentile by Number Answered
Your Score History
You have not taken this quiz